000 00551nam a22001931a 4500
001 833
003 OSt
005 20260204211710.0
008 040114s(19?||||dr ||||||b||||||||||spa||
050 _aRD 371.102 H43h
082 _aRD 371.102 H43h
100 _aHernandez, Pablo María
245 _aHistoria del pensamiento pedagógico en el desarrollo social / Pablo María Hernández
264 _aSanto Domingo : [s.n.]
300 _a217 p.
500 _aIncluye índice y bibliografía
650 _a1.Didáctica 2.PedagogíaÌ
942 _2ddc
_cBK
999 _c833
_d833